000 00792nam a2200181Ia 4500
008 090122s9999 xx 000 0 und d
082 _b13123
_a801.95
100 _aलेले
_bवामन
_cकेशव
245 _aशाकुंतल शैलीशास्त्रीय अभ्यास
260 _bइतिहास पत्रिका
_c1997
300 _a205
501 _aदेणगी - डॉ ़बेडेकर - प्राच्य विद्या अभ्यास संस्था
600 _aलेले
630 _aशाकुंतल शैलीशास्त्रीय अभ्यास
700 _aलेले
730 _aशाकुंतल शैलीशास्त्रीय अभ्यास
942 _cBOOK
999 _c37200
_d37200